Statistiques concernant Buteurs nigérians en Coupe du Monde

Cliquez ici pour prendre le quiz!

Statistiques générales

  • Ce quiz a été pris 16 fois
  • Le résultat moyen est 5 sur 16

Statistiques - réponses

Nombre de butsClubNom du joueur% Correct
4CSKA MoscouAhmed Musa
73%
1ChelseaVictor Moses
60%
1AS MonacoVictor Ikpeba
53%
2ZamalekEmmanuel Amunike
40%
1Ajax AmsterdamSunday Oliseh
40%
2Club BrugesDaniel Amokachi
33%
1Vitória SetúbalRashidi Yekini
33%
1Ajax AmsterdamFinidi George
27%
1EvertonYakubu
27%
1Shakhtar DonetskJulius Aghahowa
20%
2Alméria UDKalu Uche
20%
1Cardiff CityPeter Odemwingie
20%
1FC NantesSamson Siasia
20%
1Ajax AmsterdamTijani Babangida
20%
1Real SociedadMutiu Adepoju
13%
1RC LensWilson Oruma
13%

Distribution des résultats

Percentile par nombre de réponses

% des personnes avec chaque résultat

Votre développement - résultats

Vous n’avez pas pris ce quiz